LEADER 02200nam0 2200421 i 450 001 CFI0115619 005 20251003044122.0 010 $a881401518X 020 $aIT$b90-371 100 $a20010227d1988 ||||0itac50 ba 101 | $aita 102 $ait 181 1$6z01$ai $bxxxe 182 1$6z01$an 200 1 $aˆLa ‰fecondazione artificiale$equestioni morali nell'esperienza giuridica$fMaurizio Mori 210 $aMilano$cA. Giuffrè$d1988 215 $aXV, 341 p.$d26 cm. 225 | $aStudi di filosofia del diritto$fUniversità di Milano, Facoltà di giurisprudenza, Istituto di filosofia e sociologia del diritto$v14 410 0$1001CFI0012365$12001 $aStudi di filosofia del diritto$fUniversità di Milano, Facoltà di giurisprudenza, Istituto di filosofia e sociologia del diritto$v14$171201$aUniversità degli studi di Milano$b : Istituto di filosofia e sociologia del diritto$3CFIV007440 606 $aFecondazione artificiale$xAspetti giuridici$2FIR$3CFIC015099$9I 676 $a176$9ETICA SESSUALE E DELLA RIPRODUZIONE$v21 676 $a344.45$9DIRITTO IN MATERIA SOCIALE. ITALIA$v12 676 $a344.450419$9DIRITTO IN MATERIA DI SPECIFICI PROBLEMI DI PRASSI MEDICA. ITALIA$v21 676 $a344.4504196$9DIRITTO IN MATERIA DI SPECIFICI PROBLEMI DI PRASSI MEDICA. SPERIMENTAZIONE SU ESSERI UMANI. ITALIA$v21 696 $aInseminazione artificiale$aFecondazione eterologa$aProcreazione assistita$aFecondazione assistita 699 $aFecondazione artificiale$yInseminazione artificiale 699 $aFecondazione artificiale$yFecondazione eterologa 699 $aFecondazione artificiale$yProcreazione assistita 699 $aFecondazione artificiale$yFecondazione assistita 700 1$aMori$b, Maurizio$f <1951- >$3CFIV007437$4070$0141309 801 3$aIT$bIT-000000$c20010227 850 $aIT-BN0095 901 $bNAP 01$cD $n$ 912 $aCFI0115619 950 0$aBiblioteca Centralizzata di Ateneo$c1 v.$d 01D (AR) 7 578$e 01AR 0070075785 VMA 1 v.$fY $h20150521$i20150521 977 $a 01 996 $aFecondazione artificiale$962422 997 $aUNISANNIO